| 000 | 00582nam a2200181Ia 4500 | ||
|---|---|---|---|
| 008 | 090630s9999 xx 000 0 und d | ||
| 082 | _b14162 | ||
| 100 | _aसरदेसाई गो. बा. | ||
| 245 |
_aघरगुती अपघात. _cसरदेसाई गो. बा. |
||
| 260 |
_b--- _c1994 |
||
| 300 | _a71 | ||
| 600 | _aसरदेसाई गो. बा. | ||
| 630 | _aघरगुती अपघात. | ||
| 655 | _aइतर. | ||
| 700 | _aसरदेसाई गो. बा. | ||
| 730 | _aघरगुती अपघात. | ||
| 942 | _cBOOK | ||
| 999 |
_c266018 _d266018 |
||